| 000 | 01016nas a2200337 4500 | ||
|---|---|---|---|
| 001 | BR0205237 | ||
| 003 | BR-BrBNA | ||
| 005 | 20231205103325.0 | ||
| 007 | ta | ||
| 008 | 230509b bl.|||p| |||| 00| 00por d | ||
| 040 |
_aBR-BrBNA _bpor _cBiblioteca Nacional de Agricultura |
||
| 041 | _a(Pt) | ||
| 072 | _aJ11 | ||
| 100 | 1 | _aFreitas, D. de | |
| 100 | 1 | _aCoan, R.M. | |
| 100 | 1 | _aReis, R.A. | |
| 100 | 1 | _aPereira, J.R.A. | |
| 100 | 1 | _aPanizzi, R. de C. | |
| 245 | 1 | _aAvaliação de fontes de amônia para conservação do feno de alfafa (Medicago sativa L.)armazenado com alta umidade | |
| 650 | _aALFAFA | ||
| 650 | _aFENO | ||
| 650 | _aAMÔNIA | ||
| 650 | _aCOMPOSIÇÃO QUÍMICA | ||
| 650 | _aURÉIA | ||
| 650 | _aARMAZENAMENTO | ||
| 650 | _aPRESERVAÇÃO DE ALIMENTO | ||
| 650 | _aFUNGO | ||
| 773 | 0 |
_tRevista Brasileira de Zootecnia (Brazil) _xISSN 1516-3598 _g(Mar-Apr 2002), v. 31(2)Suplemento p. 866-874 _wBR0205237 |
|
| 909 |
_a202311 _bLúcia _c55 _dLúcia Elande |
||
| 942 |
_2AGRIS _n0 _cANA |
||
| 999 |
_c172274 _d172274 |
||